|
|
|
|
| LEADER |
00000nam0a2200000 4500 |
| 001 |
350739 |
| 005 |
20231102010331.0 |
| 035 |
|
|
|a (RuTPU)RU\TPU\retro\5001
|
| 035 |
|
|
|a RU\TPU\book\171780
|
| 090 |
|
|
|a 350739
|
| 100 |
|
|
|a 20190226d1962 m y0rusy50 ca
|
| 101 |
0 |
|
|a rus
|
| 102 |
|
|
|a LV
|
| 105 |
|
|
|a a z 101zy
|
| 200 |
1 |
|
|a Вопросы магнитной гидродинамики и динамики плазмы
|e доклады, прочитанные на 2-м совещании по теоретической и прикладной магнитной гидродинамике в г. Риге, 27 июня-2 июля 1960
|h Т. II
|f Академия наук Латвийской ССР (АН ЛатССР), Институт физики (ИФ)
|
| 210 |
|
|
|a Рига
|c Изд-во АН Латвийской ССР
|d 1962
|
| 215 |
|
|
|a 655 с.
|c ил.
|
| 320 |
|
|
|a Библиография в конце докладов.
|
| 606 |
|
|
|a Плазма
|x Динамика
|2 stltpush
|3 (RuTPU)RU\TPU\subj\48888
|9 67706
|
| 610 |
1 |
|
|a гидродинамика
|
| 610 |
1 |
|
|a доклады
|
| 610 |
1 |
|
|a сборники
|
| 610 |
1 |
|
|a физика плазмы
|
| 610 |
1 |
|
|a магнитная гидродинамика
|
| 610 |
1 |
|
|a теоретические вопросы
|
| 675 |
|
|
|a 538
|v 3
|
| 675 |
|
|
|a 533.95
|v 3
|
| 712 |
0 |
2 |
|a Академия наук Латвийской ССР (АН ЛатССР)
|b Институт физики (ИФ)
|2 stltpush
|3 (RuTPU)RU\TPU\col\14582
|
| 801 |
|
1 |
|a RU
|b 63413507
|c 20090422
|g PSBO
|
| 801 |
|
2 |
|a RU
|b 63413507
|c 20190226
|g PSBO
|
| 942 |
|
|
|c BK
|